000 00785nam a2200241Ia 4500
003 OSt
005 20220923220853.0
006 a|||||r|||| 00| 0
007 ta
008 220922b |||||||| |||| 00| 0 hin d
024 _a191,706
037 _cTextual
040 _aARTS
_cARTS
_bhin
041 _2hin
_ahin
082 _aV2'L07<-J26, 152L8;2
100 _aश्रीवास्तव, हरि शंकर
_9160504
245 0 _aमुगल शासन प्रणाली
246 _aMugal shāsan praṇālī
260 _aदिल्ली
_b मैकमिलन
_c1978
300 _a295पृ.
_ccm.
942 _hV2'L07<-J26, 152L8;2
_cTEXL
_2CC
999 _c344362
_d344362